Les métros du monde - Statistiques

Statistiques générales
  • Ce quiz a été pris 31 fois
  • Le résultat moyen est 115 sur 223
Statistiques - réponses
Hint Pays Ouverture Ville % Correct
Amérique Etats-Unis / Etat de New York 1868 New York
96%
Europe France 1900 Paris
96%
Afrique Algérie 2011 Alger
92%
Europe Allemagne 1902 Berlin
92%
Afrique Egypte 1987 Le Caire
92%
Europe France 1983 Lille
92%
Europe Portugal 1959 Lisbonne
92%
Europe Royaume-Uni 1863 Londres
92%
Europe France 1978 Lyon
92%
Europe France 1977 Marseille
92%
Amérique Canada / Québec 1966 Montréal
92%
Europe Russie 1935 Moscou
92%
Europe Portugal 2002 Porto
92%
Europe Italie 1955 Rome
92%
Amérique Brésil 1974 Saô Paulo
92%
Asie Japon 1927 Tokyo
92%
Amérique Canada / Ontario 1954 Toronto
92%
Afrique Tunisie 1985 Tunis
92%
Europe Grèce 1869 Athènes
88%
Europe Espagne 1924 Barcelone
88%
Europe Belgique 1976 Bruxelles
88%
Amérique Etats-Unis / Illinois 1892 Chicago
88%
Asie Turquie 2000 Istanbul
88%
Europe Turquie 1989 Istanbul
88%
Amérique Pérou 2012 Lima
88%
Amérique Etats-Unis / Californie 1993 Los Angeles
88%
Europe Espagne 1919 Madrid
88%
Amérique Mexique / District fédéral 1969 Mexico
88%
Amérique Etats-Unis / Floride 1984 Miami
88%
Europe Italie 1964 Milan
88%
Amérique Brésil 1979 Rio de Janeiro
88%
Amérique Etats-Unis / Californie 1972 San Francisco
88%
Asie Chine 1995 Shanghai
88%
Afrique Côte d'ivoire Prévue en 2028 Abidjan
84%
Europe Pays-Bas 1977 Amsterdam
84%
Asie Turquie 1996 Ankara
84%
Europe Hongrie 1896 Budapest
84%
Amérique Argentine 1913 Buenos Aires
84%
Europe Ukraine 1960 Kiev
84%
Europe Norvège 1966 Oslo
84%
Europe France 2002 Rennes
84%
Europe Pays-Bas 1968 Rotterdam
84%
Asie Corée-du-Sud 1974 Séoul
84%
Asie Iran 1999 Téhéran
84%
Europe France 1993 Toulouse
84%
Asie Inde 2014 Bombay
80%
Europe Roumanie 1979 Bucarest
80%
Amérique Venezuela 1983 Caracas
80%
Asie Inde 2002 Delhi
80%
Afrique Nigeria 2023 Lagos
80%
Europe Allemagne 1971 Munich
80%
Asie Chine 1969 Pékin
80%
Europe Tchéquie 1974 Prague
80%
Europe Russie 1955 Saint-Pétersbourg
80%
Europe Bulgarie 1998 Sofia
80%
Europe Espagne 1988 Valence
80%
Europe Pologne 1995 Varsovie
80%
Europe Autriche 1978 Vienne
80%
Amérique Etats-Unis / District de Columbia 1976 Washington
80%
Europe Belgique 1975 Anvers
76%
Asie Thaïlande 1999 Bangkok
76%
Amérique Brésil 2001 Brasilia
76%
Europe Danemark 2002 Copenhague
76%
Asie Emirats Arabes Unis 2009 Dubaï
76%
Europe Allemagne 1912 Hambourg
76%
Europe Finlande 1982 Helsinki
76%
Asie Indonésie 2019 Jakarta
76%
Europe Biélorussie 1984 Minsk
76%
Europe Italie 1993 Naples
76%
Amérique Etats-Unis / Pennsylvanie 1907 Philadelphie
76%
Asie Corée-du-Nord 1973 Pyongyang
76%
Amérique Chili 1975 Santiago
76%
Asie Singapour 1987 Singapour
76%
Europe Suède 1950 Stockholm
76%
Asie Israël 2023 Tel Aviv
76%
Europe Italie 2006 Turin
76%
Amérique Canada / Colombie britannique 1986 Vancouver
76%
Afrique Ethiopie 2015 Addis-Abeba
72%
Amérique Etats-Unis / Géorgie 1979 Atlanta
72%
Amérique Colombie Prévue en 2028 Bogota
72%
Amérique Etats-Unis / Massachusetts 1901 Boston
72%
Europe Allemagne 1968 Francfort
72%
Europe Royaume-Uni 1896 Glasgow
72%
Asie Vietnam 2023 Ho Chi Minh-Ville
72%
Asie Malaisie 1996 Kuala Lumpur
72%
Asie Japon 1933 Osaka
72%
Europe Espagne 2009 Séville
72%
Asie Azerbaïdjan 1967 Bakou
68%
Europe Azerbaïdjan 1967 Bakou
68%
Europe Espagne 1995 Bilbao
68%
Asie Chine 1999 Canton
68%
Asie Vietnam 2021 Hanoï
68%
Asie Chine 1979 Hong-Kong
68%
Asie Japon 1981 Kyoto
68%
Amérique Panama 2014 Panama
68%
Amérique Equateur 2023 Quito
68%
Asie Arabie Saoudite Prévue en 2024 Riyad
68%
Asie Taïwan 1996 Taipei
68%
Asie Inde 1984 Calcutta
64%
Europe Arménie 1981 Erevan
64%
Asie Philippines 1984 Manille
64%
Amérique Canada / Ontario 2019 Ottawa
64%
Asie Géorgie 1966 Tbilissi
64%
Europe Allemagne 1981 Düsseldorf
60%
Asie Japon 1994 Hiroshima
60%
Europe Espagne 2014 Malaga
60%
Europe Allemagne 1985 Stuttgart
60%
Afrique Nigeria 2018 Abuja
56%
Europe Serbie 1995 Belgrade
56%
Europe Allemagne 1968 Cologne
56%
Asie Qatar 2019 Doha
56%
Europe Italie 1990 Gênes
56%
Amérique Mexique / Jalisco 1994 Guadalajara
56%
Asie Turquie 2000 Izmir
56%
Afrique Angola Prévue en 2025 Luanda
56%
Europe Allemagne 1972 Nuremberg
56%
Amérique République dominicaine 2008 Saint-Domingue
56%
Asie Chine 2004 Wuhan
56%
Europe Belgique 1976 Charleroi
52%
Europe Allemagne 1984 Dortmund
52%
Asie Japon 1977 Kobe
52%
Europe Suisse 1991 Lausanne
52%
Amérique Colombie 1995 Medellin
52%
Amérique Mexique / Nuevo Leon 1991 Monterrey
52%
Asie Japon 1971 Sapporo
52%
Europe Grèce Prévue en 2024 Thessalonique
52%
Europe Ukraine 1975 Kharkiv
48%
Asie Japon 1957 Nagoya
48%
Europe Russie 1985 Nijni Novgorod
48%
Asie Ouzbékistan 1977 Tachkent
48%
Asie Kazakhstan 2011 Almaty
44%
Amérique Brésil 1986 Belo Horizonte
44%
Europe Italie 1999 Catane
44%
Europe Ukraine 1995 Dnipro
44%
Europe Russie 2005 Kazan
44%
Asie Arabie Saoudite 2010 La Mecque
44%
Asie Chine 2019 Macao
44%
Amérique Etats-Unis / Maryland 1983 Baltimore
40%
Europe Norvège 2010 Bergen
40%
Amérique Etats-Unis / Ohio 1955 Cleveland
40%
Asie Russie 1991 Iekaterinbourg
40%
Amérique Brésil 1985 Recife
40%
Asie Chine 2011 Xi'an
40%
Asie Inde 2015 Chennai
36%
Amérique Brésil 2012 Fortaleza
36%
Asie Iran 2015 Ispahan
36%
Asie Chine 2005 Nankin
36%
Amérique Brésil 1985 Porto Alegre
36%
Asie Chine 1980 Tianjin
36%
Asie Chine 2010 Chengdu
32%
Asie Chine 2005 Chongqing
32%
Amérique Venezuela 2006 Maracaibo
32%
Amérique Etats-Unis / Porto Rico 2004 San Juan
32%
Afrique Tunisie Prévue en 2025 Sfax
32%
Asie Chine 2004 Shenzhen
32%
Europe Russie 1984 Volgograd
32%
Asie Japon 1972 Yokohama
32%
Europe Italie 2013 Brescia
28%
Asie Corée-du-Sud 1999 Incheon
28%
Asie Russie 1986 Novossibirsk
28%
Amérique Brésil 2014 Salvador
28%
Asie Turquie 2002 Bursa
24%
Asie Corée-du-Sud 1997 Daegu
24%
Asie Japon 1981 Fukuoka
24%
Europe Espagne 2017 Grenade
24%
Asie Inde 2017 Hyderabad
24%
Asie Inde 2015 Jaipur
24%
Asie Corée-du-Sud 1985 Pusan
24%
Asie Chine 2017 Xiamen
24%
Asie Chine 2013 Harbin
20%
Europe Espagne 2007 Palma
20%
Asie Chine 2015 Qingdao
20%
Asie Japon 1987 Sendai
20%
Asie Chine 2010 Shenyang
20%
Asie Chine 2012 Suzhou
20%
Asie Chine 2014 Changsha
16%
Europe Russie 1987 Samara
16%
Asie Chine 2018 Urumqi
16%
Europe Allemagne 1901 Wuppertal
16%
Asie Turquie 2009 Adana
12%
Asie Corée-du-Sud 2006 Daejeon
12%
Asie Chine 2013 Dalian
12%
Asie Chine 2016 Fuzhou
12%
Asie Chine 2012 Hangzhou
12%
Asie Chine 2019 Jinan
12%
Asie Taïwan 2008 Kaohsiung
12%
Asie Inde 2019 Nagpur
12%
Asie Japon 2003 Naha
12%
Europe Espagne 2012 Saint-Sébastien
12%
Asie Iran 2015 Tabriz
12%
Asie Chine 2016 Dongguan
8%
Asie Chine 2016 Hefei
8%
Asie Japon 1985 Kitakyushu
8%
Asie Chine 2017 Kunming
8%
Asie Inde 2017 Lucknow
8%
Asie Iran 1999 Machhad
8%
Asie Chine 2015 Nanchang
8%
Asie Chine 2016 Nanning
8%
Asie Chine 2014 Ningbo
8%
Asie Chine 2013 Taiyuan
8%
Amérique Venezuela 2006 Valencia
8%
Asie Chine 2014 Wuxi
8%
Asie Chine 2013 Zhengzhou
8%
Asie Inde 2011 Bengalore
4%
Asie Chine 2017 Guiyang
4%
Europe Portugal 2004 Oeiras
4%
Asie Chine 2017 Shijiazhuang
4%
Asie Taïwan 2017 Taoyuan
4%
Asie Chine 2019 Xuzhou
4%
Asie Chine 2002 Changchun
0%
Asie Chine 2019 Changzhou
0%
Asie Iran 2014 Chiraz
0%
Asie Inde 2017 Cochin
0%
Asie Chine 2010 Foshan
0%
Asie Corée-du-Sud 2004 Gwangju
0%
Europe Ukraine 1986 Kryvyi Rih
0%
Asie Chine 2019 Lanzhou
0%
Amérique Venezuela 2006 Los Teques
0%
Europe Royaume-Uni 1969 Merseyral
0%
Asie Taïwan 2018 Nouveau Taipei
0%
Asie Indonésie 2018 Palembang
0%
Europe Italie 2008 Pérouse
0%
Asie Taïwan 2021 Taichung
0%
Aucun quiz correspondant
Distribution des résultats
% des personnes avec chaque résultat
Percentile par nombre de réponses
Votre historique - résultats
Vous n’avez pas pris ce quiz